000 00754nam a2200265Ia 4500
005 20260121172910.0
008 008 260114s9999 xx 000 0 eng d
020 _a9783030918859
037 _aEBOOK
040 _aCRL
040 _beng
040 _cCRL
041 _2eng
041 _aeng
084 _qCRL
100 _aAna I. Pereira, Florbela P. Fernandes, João P. Coelho, João P. Teixeira, Maria F. Pacheco, Paulo Alves, Rui P. Lopes
_91094115
245 0 _aOptimization, Learning Algorithms and Applications
260 _bSpringer
260 _bSpringer
260 _c2021
856 _uhttps://link.springer.com/openurl?genre=book&isbn=978-3-030-91885-9
942 _cEBOOK
999 _c1659857
_d1659857